Bezpečnostní normy pro projektování

Salvato in:
Dettagli Bibliografici
Autore principale: Deyl, Jiří
Natura: Libro
Lingua:ceco
Pubblicazione: Praha Práce 1986
Edizione:1. vyd.
Serie:Knižnica Příručky Práce
Tags: Aggiungi Tag
Nessun Tag, puoi essere il primo ad aggiungerne!!

MARC

LEADER 00000nam a2200000 4500
001 c035465
005 20221220071114.8
041 0 |a cze 
044 |a CZ 
245 1 0 |a Bezpečnostní normy pro projektování  |c Jiří Deyl 
250 |a 1. vyd. 
264 1 |a Praha  |b Práce  |c 1986 
300 |a 250 s. 
490 1 |a Knižnica Příručky Práce 
830 0 |a Knižnica Příručky Práce 
100 1 |a Deyl, Jiří